000 00495nam a22001697a 4500
005 20251108171824.0
008 250721s1986 xx 000 0 ara d
082 1 4 _a413/عبد
100 1 _aالصوفي، عبد اللطيف
245 1 0 _aاللغة و معاجمها في المكتبة العربية /
264 1 _aدمشق :
_bدار طلاس،
_c1986.
300 _a366ص
650 1 7 _aاللغة العربية
650 1 7 _aالقواميس
942 _2ddc
_cBK
999 _c63475
_d63475